Normal view
MARC view
Entry Personal Name
001 - CONTROL NUMBER
- control field: 12874
003 - CONTROL NUMBER IDENTIFIER
- control field: OSt
005 - DATE AND TIME OF LATEST TRANSACTION
- control field: 20211105133604.0
008 - FIXED-LENGTH DATA ELEMENTS
- fixed length control field: 211105|| aca||aabn | a|a d
040 ## - CATALOGING SOURCE
- Original cataloging agency: OSt
- Transcribing agency: OSt
100 ## - HEADING--PERSONAL NAME
- Personal name: Kurochkin, A N E
670 ## - SOURCE DATA FOUND
- Source citation: Work cat.: (OSt): Kukarkin, B. V. 6422, First supplement to the third edition of the general catalogue of variable stars containing Information on 2216, variable stars designated in 1970 and Improved Information on 1907 previously, 1971